| 000 | 01271nam a2200277 a 4500 | ||
|---|---|---|---|
| 003 | OSt | ||
| 005 | 20240920124904.0 | ||
| 007 | cr ||||||a|c|a | ||
| 008 | 240119s2023 mx a|||fom||| 001 0 spa d | ||
| 040 | _erda | ||
| 100 | 1 |
_9188535 _aOrtega Tagle, Tania |
|
| 245 | 1 | 0 |
_aDeterminación de microorganismos en plantas de opuntia ficusindica con y sin engrosamiento mediante análisis metagenómico / _cTania Ortega Tagle; director de tesis Ernestina Valadez Moctezuma |
| 264 | 1 |
_aChapingo, México : _bEl autor, _c2023. |
|
| 300 |
_a1 recurso en línea (185páginas): _bcuadros y figuras.. |
||
| 336 |
_2rdacontent _atexto _btxt |
||
| 337 |
_2rdamedia _acomputadora _bc |
||
| 338 |
_2rdacarrier _arecurso en línea _bcr |
||
| 502 |
_bIAEF _cFitotecnia _d2023. _gLIC |
||
| 504 | _aIncluye referencias bibliográficas: páginas 119-124 | ||
| 650 | 4 |
_9187938 _aOpuntia ficus indica _xFisiología y morfología |
|
| 650 | 4 |
_9188532 _aOpuntia ficus indica _xEnfermedades por hongos |
|
| 650 | 4 |
_9188533 _aOpuntia ficus indica _xEnfermedades por bacterias |
|
| 700 | 1 |
_aValadez Moctezuma, Ernestina _eDirector de tesis. _9117225 |
|
| 856 |
_uhttp://10.13.5.2/tesis/tl/1511844-2_ORTEGA_TAGLE_TANIA.pdf _zDESCARGAR PDF |
||
| 942 |
_2Clasificación Universidad Autónoma Chapingo _cTD |
||
| 999 |
_c219567 _d219567 |
||